Európska spoločnosť a bankrot

Európska spoločnosť - subjekt vytvorený európskym právom, ktoré umožňuje aby sa v ktoromkoľvek štáte Európskej únie mohla zriadiť nadnárodná akciová spoločnosť. Podnikateľské subjekty európskych rozmerov a ich majetok ako aj záväzky vo viacerých členských štátoch EÚ. Finančné problémy a ich dôsledok...

Full description

Saved in:
Bibliographic Details
Main Author: Veterníková, Mária, 1964-
Format: Book Chapter
Language:Slovak
Subjects:
Tags: Add Tag
No Tags, Be the first to tag this record!

MARC

LEADER 00000naa$a2200000$$$4500
001 0111895
005 20240502072236.2
041 0 |a slo 
044 |a SK 
245 1 0 |a Európska spoločnosť a bankrot  |c Mária Veterníková 
520 |a Európska spoločnosť - subjekt vytvorený európskym právom, ktoré umožňuje aby sa v ktoromkoľvek štáte Európskej únie mohla zriadiť nadnárodná akciová spoločnosť. Podnikateľské subjekty európskych rozmerov a ich majetok ako aj záväzky vo viacerých členských štátoch EÚ. Finančné problémy a ich dôsledok - bankrot. Riešenie úpadku dlžníka právnou cestou - konkurzné právo. Konkurzné právo v európskom kontexte. 
610 2 0 |a právo obchodné 
610 2 0 |a spoločnosti obchodné 
610 2 0 |a spoločnosti akciové 
610 2 0 |a spoločnosti nadnárodné 
610 2 0 |a bankrot 
610 2 0 |a konkurzy 
610 2 0 |a Európska únia 
100 1 |a Veterníková, Mária, 1964-